Principles of quantum electronics
Wedi'i Gadw mewn:
| Prif Awdur: | |
|---|---|
| Fformat: | Llyfr |
| Iaith: | Saesneg |
| Cyhoeddwyd: |
Nueva York
Academic Press
1980
|
| Pynciau: | |
| Tagiau: |
Ychwanegu Tag
Dim Tagiau, Byddwch y cyntaf i dagio'r cofnod hwn!
|
MARC
| LEADER | 00000nam a2200000 a 4500 | ||
|---|---|---|---|
| 001 | UCG1934 | ||
| 003 | CL-VaPUC | ||
| 008 | 100531e19800000US |||||||||||||||||eng|d | ||
| 020 | |a 0124710506 | ||
| 082 | 0 | 4 | |a 530.1433 |b MAR |2 21 |
| 100 | |a Marcuse, Dietrich |e autor |9 550055 | ||
| 245 | 1 | 0 | |a Principles of quantum electronics |
| 300 | |a 494 p | ||
| 942 | |c BK | ||
| 945 | |d 20100531 00:00:00 |a rbrito | ||
| 260 | |a Nueva York |b Academic Press |c 1980 | ||
| 650 | 7 | |a ELECTRODINAMICA CUANTICA |2 CL-VaPUC |9 316109 | |
| 650 | 0 | |a Mecánica cuántica |9 306806 | |
| 650 | 7 | |a ELECTRONES |2 CL-VaPUC |9 322158 | |
| 650 | 0 | |a Radiación |9 259874 | |
| 583 | |a last modification |c 20100531 00:00:00 |k Rodrigo Vera | ||
| 999 | |c 341182 |d 341180 | ||
| 952 | |0 0 |1 0 |4 0 |6 530_143300000000000_MAR_1980 |7 0 |8 A |9 436483 |a BIBCUR |b BIBCUR |d 2019-11-22 |i 468110K |o 530.1433 MAR 1980 |p 468110K |r 2025-04-22 |w 2019-11-22 |y BK |k FIS | ||